000 00798nam a2200265 i 4500
001 77960
003 ES-MaACL
005 20240501063038.0
007 t|
008 041116s1981 sp ||||1| spa d
017 _aB 3334-1981
020 _a84-253-1306-6
080 _a329(46)U.C.D.
100 0 _aFiguero, Javier,
_d1948-
_950774
245 1 0 _aUCD "la empresa" que creó Adolfo Suárez
_b: historia, sociología y familias del suarismo /
_cJavier Figuero.
250 _a1ª ed.
260 _a[Barcelona] :
_bGrijalbo,
_c1981.
300 _a303 p. ;
_c19 cm.
490 1 _aColeccion 80
500 _3Indice
610 2 7 _aUnión de Centro Democrático (España)
_97006
830 0 _aColeccion 80
_9183578
852 _aES-MaACL
_jE-10408
_bR.130846
999 _c77960
_d77960